00437 2200169 4500001002100000008004100021035002000062245003800082100001800120260002800138300002400166020002200190084001400212082000800226650001800234990001500252INLIS000000000003301 ind  a0010-1225000122 aKisah 1001 MalamcDonna Jo Napoli aNapoli, Donna aJakartabGramediac2025 a208 hlmc21 x 26 cm a978-602-424-384-5 a800 DON k a800 aCerita Rakyat a19777/B/26